Design and analysis of experiments / (Record no. 70371)

MARC details
000 -LEADER
fixed length control field 00900nam a22002417a 4500
005 - DATE AND TIME OF LATEST TRANSACTION
control field 20120927113150.0
008 - FIXED-LENGTH DATA ELEMENTS--GENERAL INFORMATION
fixed length control field 120927t xxu||||| |||| 00| 0 eng d
010 ## - LCCN (DPL NO)
LC control number ENG-106002
020 ## - INTERNATIONAL STANDARD BOOK NUMBER
International Standard Book Number 9788120346376
Terms of availability 150.00
035 ## - SYSTEM CONTROL NUMBER
System control number EN-89535
037 ## - SOURCE OF ACQUISITION
Source of stock number/acquisition DBAD/PUB
040 ## - CATALOGING SOURCE
Original cataloging agency DPL
Language of cataloging English
082 ## - DEWEY DECIMAL CLASSIFICATION NUMBER
Classification number 001.434
100 ## - MAIN ENTRY--PERSONAL NAME
Personal name Sharma, M.K.
9 (RLIN) 52674
245 ## - TITLE STATEMENT
Title Design and analysis of experiments /
Statement of responsibility, etc by M.K. Sharma [and] B.V.S. Sisodia
260 ## - PUBLICATION, DISTRIBUTION, ETC. (IMPRINT)
Place of publication, distribution, etc New Delhi
Name of publisher, distributor, etc PHI Learning
Date of publication, distribution, etc 2012
270 ## - ADDRESS
Address M-97, Connaught Circus
City New Delhi
Postal code 110001
300 ## - PHYSICAL DESCRIPTION
Extent ix,142p.
Dimensions 24cm(pbk)
500 ## - GENERAL NOTE
General note Includes bibliographical references and index
700 ## - ADDED ENTRY--PERSONAL NAME
Personal name Sisodia, B.V.S.
9 (RLIN) 52676
942 ## - ADDED ENTRY ELEMENTS (KOHA)
Source of classification or shelving scheme Dewey Decimal Classification
Item type English Books
Call number suffix SHA
Classification part 001.434
Holdings
Withdrawn status Lost status Source of classification or shelving scheme Damaged status Not for loan Collection code Home library Current library Date acquired Source of acquisition Cost, normal purchase price Total Checkouts Full call number Barcode Date last seen Copy number Cost, replacement price Koha item type
    Dewey Decimal Classification   Not For Loan Non-fiction D.B.Act.Division D.B.Act.Division 27/09/2012 DBAD / PUB 150.00   001.434 SHA EN-89535 27/09/2012 1 150.00 English Books

© Delhi Public Library
Hit Counter
free hit counter